Compendio de la historia moderna : (Record no. 11722)

000 -CABECERA
fixed length control field 01006nam a22001937a 4500
003 - IDENTIFICADOR DEL NÚMERO DE CONTROL
control field AR-CdUCM
008 - DATOS DE LONGITUD FIJA--INFORMACIÓN GENERAL
fixed length control field 190403b ||||| |||| 00| 0 spa d
040 ## - FUENTE DE LA CATALOGACIÓN
Agencia/entidad que catalogó originalmente la obra MUNICIPALIDAD PROVINCIAL DEL CUSCO
Entidad que transcribió la catalogación BIBLIOTECA MUNICIPAL DEL CUSCO
082 ## - NÚMERO DE LA CLASIFICACIÓN DECIMAL DEWEY
No. de la edición 3ed.
No. de Clasificación 909.4 /
Notacion interna D18 / 1863
100 ## - ENTRADA PRINCIPAL--NOMBRE DE PERSONA
Nombre Personal Drioux
245 ## - MENCIÓN DE TÍTULO
Título Compendio de la historia moderna :
Resto del título desde la toma de Constantinopla hasta la caída del imperio de Napoleón /
260 ## - PUBLICACIÓN, DISTRIBUCIÓN, ETC.
Lugar de publicación, distribución, etc. París :
Nombre de la editorial, distribuidor, etc. De rosa y bouret,
Fecha de publicación, distribución, etc. 1863.
300 ## - DESCRIPCIÓN FÍSICA
Nº de Páginas Extensión 571 páginas ;
Dimensiones 17 cm.
505 ## - NOTA DE CONTENIDO CON FORMATO
Nota de contenido formateada Contenido: De la Francia desde la expulsión de los ingleses hasta la muerte de Luis XI -- De la Escocia desde el advenimiento de los estuardos hasta la muerte de Jaime IV -- De la España y del Portugal y de sus descubrimientos hasta la muerte de Fernando el Católico -- De la Turquía y de los estados esclavos desde la muerte de Soliman...
650 ## - PUNTO DE ACCESO ADICIONAL DE MATERIA--TÉRMINO DE MATERIA
Descriptor Historia moderna
9 (RLIN) 12930
650 ## - PUNTO DE ACCESO ADICIONAL DE MATERIA--TÉRMINO DE MATERIA
Descriptor Historia de Europa
9 (RLIN) 8184
942 ## - ELEMENTOS DE PUNTO DE ACCESO ADICIONAL (KOHA)
Fuente de clasificación
Tipo de item Libros-BMC
945 ## - PROCESAMIENTO DE INFORMACIÓN LOCAL (OCLC)
Catalogador wnts
AAAA-MM-DD - Fecha de ingreso o modificacion 2019-04-04
Holdings
Estado de retiro (separado) Fuente de clasificación o esquema de estanterías Estado dañado Ubicación Sala donde se ubica Nombre de la colección Fecha de adquisición o compra Costo, precio normal en soles Signatura topográfica Código de Barras Última vez visto (Koha) Tipo de ítem (Koha)
No     Sala Cusco Antiguo Sala Cusco Antiguo Book Cart 2019-04-04 120.00 909.4 / D18 / 1863 SCA0001645 2019-04-04 Libros-BMC

Powered by Koha